Southville International School and Colleges
Your cart is empty.
  • Cart
  • Lists
    Public lists Eva Luna New books Lux_list list_1
    Your lists Log in to create your own lists
  • Log in to your account
  • Your cookies
  • Search history
Southville International School and Colleges
  • Advanced search
  • Recent comments
  • Most popular
  • Libraries

Log in to your account

Log in with GOOGLE


If you do not have an external account, but do have a local account, you can still log in:

  1. Home
  2. MARC view: Introduction to digital signal processing using Matlab /
Normal view MARC view ISBD view

Introduction to digital signal processing using Matlab / (Record no. 275889)

[ view plain ]
MARC details
000 -LEADER
fixed length control field 01082cam a22002895a 4500
001 - CONTROL NUMBER
control field STB005948
005 - DATE AND TIME OF LATEST TRANSACTION
control field 20140925161305.0
008 - FIXED-LENGTH DATA ELEMENTS--GENERAL INFORMATION
fixed length control field 101004s2011 ohu 000 0 eng
010 ## - LIBRARY OF CONGRESS CONTROL NUMBER
LC control number 2010938460
020 ## - INTERNATIONAL STANDARD BOOK NUMBER
International Standard Book Number 9781111426026
040 ## - CATALOGING SOURCE
Original cataloging agency DLC
Transcribing agency DLC
Modifying agency DLC
042 ## - AUTHENTICATION CODE
Authentication code pcc
050 ## - LIBRARY OF CONGRESS CALL NUMBER
Classification number QA 297
Item number .Sch33 2012
100 1# - MAIN ENTRY--PERSONAL NAME
Personal name Schilling, Robert J.
245 #0 - TITLE STATEMENT
Title Introduction to digital signal processing using Matlab /
Statement of responsibility, etc Robert J. Schilling, Sandra L. Harris.
250 ## - EDITION STATEMENT
Edition statement 2nd Ed.
260 ## - PUBLICATION, DISTRIBUTION, ETC. (IMPRINT)
Place of publication, distribution, etc Mason, OH :
Name of publisher, distributor, etc Cengage Learning,
Date of publication, distribution, etc c2012.
263 ## - PROJECTED PUBLICATION DATE
Projected publication date 1112.
300 ## - PHYSICAL DESCRIPTION
Extent xiv, 766 pages :
Dimensions 25 cm.
650 ## - SUBJECT ADDED ENTRY--TOPICAL TERM
Topical term or geographic name as entry element MATLAB.
650 ## - SUBJECT ADDED ENTRY--TOPICAL TERM
Topical term or geographic name as entry element Signal processing
General subdivision Digital techniques
-- Mathematics.
700 ## - ADDED ENTRY--PERSONAL NAME
Personal name Harris, Sandra L.
856 42 - ELECTRONIC LOCATION AND ACCESS
Materials specified Contributor biographical information
Uniform Resource Identifier <a href="http://www.loc.gov/catdir/enhancements/fy1105/2010938460-b.html">http://www.loc.gov/catdir/enhancements/fy1105/2010938460-b.html</a>
856 42 - ELECTRONIC LOCATION AND ACCESS
Materials specified Publisher description
Uniform Resource Identifier <a href="http://www.loc.gov/catdir/enhancements/fy1105/2010938460-d.html">http://www.loc.gov/catdir/enhancements/fy1105/2010938460-d.html</a>
856 41 - ELECTRONIC LOCATION AND ACCESS
Materials specified Table of contents only
Uniform Resource Identifier <a href="http://www.loc.gov/catdir/enhancements/fy1105/2010938460-t.html">http://www.loc.gov/catdir/enhancements/fy1105/2010938460-t.html</a>
942 ## - ADDED ENTRY ELEMENTS (KOHA)
Source of classification or shelving scheme Library of Congress Classification
Koha item type Books
Call number prefix Foreign
Holdings
Withdrawn status Lost status Source of classification or shelving scheme Damaged status Home library Current library Shelving location Date acquired Source of acquisition Total Checkouts Full call number Barcode Date last seen Price effective from Koha item type
    Library of Congress Classification   College Library College Library Reserve Section 09/25/2014 Library Fund   QA 297 .Sch33 2012 C18671 10/30/2014 09/25/2014 Books

Introduction to digital signal processing using Matlab /

APA

Schilling R. J., Harris S. L., . (2012). Introduction to digital signal processing using Matlab. Mason, OH: Cengage Learning.

Chicago

Schilling Robert J, Harris Sandra L, . 2012. Introduction to digital signal processing using Matlab. Mason, OH: Cengage Learning.

Harvard

Schilling R. J., Harris S. L., . (2012). Introduction to digital signal processing using Matlab. Mason, OH: Cengage Learning.

MLA

Schilling Robert J, Harris Sandra L, . Introduction to digital signal processing using Matlab. Mason, OH: Cengage Learning. 2012.

  • Place hold
  • Print
  • Cite
  • Add to your cart (remove)
  • Save record
    BIBTEX Dublin Core MARCXML MARC (non-Unicode/MARC-8) MARC (Unicode/UTF-8) MARC (Unicode/UTF-8, Standard) MODS (XML) RIS
  • More searches
    Search for this title in:
    Other Libraries (WorldCat) Other Databases (Google Scholar) Online Stores (Bookfinder.com) Open Library (openlibrary.org)

Exporting to Dublin Core...

SOUTHVILLE LIBRARY

Southville International School and Colleges Library

1281 Tropical Ave. Cor. Luxembourg St., BF Homes International, Las Pinas City

Tel. No. 8256374 / 252358 Loc. 117/146

Powered by Koha